Carregant...

Shakespeare beyond English : a global experiment /

Dades bibliogràfiques
Altres autors: Susan Bennett, Christie Carson
Format: Printed Book
Publicat: London: Cambridge University Press, 2013.
Edició:1st.
Matèries:
LEADER 00833cam a2200217 i 4500
020 |a 9781107674691 (pbk.) 
020 |a 9781107040557 (hardback) 
082 0 0 |a 792.95  |b SUS/S 
245 0 0 |a Shakespeare beyond English :  |b a global experiment /  |c edited by Susan Bennett and Christie Carson. 
250 |a 1st. 
260 |a London:  |b Cambridge University Press,  |c 2013. 
300 |a xxvi, 317 pages, 16 numbered pages of plates ; 
600 1 0 |a William Shakespeare  |9 31011 
650 |a Dramatic Production William Shakespeare  |9 31012 
650 |a Theatre  |9 31013 
650 |a Arts  |9 31014 
700 1 |a Susan Bennett  |9 31015 
700 1 |a Christie Carson  |9 31016 
942 |c BK 
999 |c 69740  |d 69740 
952 |0 0  |1 0  |4 0  |6 792_950000000000000_SUS_S  |7 0  |9 90220  |a SSUS  |b SSUS  |c STACKS  |d 2018-01-20  |g 1723.14  |o 792.95 SUS/S  |p 087134  |r 2018-01-20  |w 2018-01-20  |y BK